[Event "Maastricht Limburg op-B 7th"]
[Site "Maastricht"]
[Date "2013.05.18"]
[Round "3"]
[White "Geene, Joris"]
[Black "Alvarez Carbajales, Fermin"]
[Result "0-1"]
[WhiteElo "1660"]
[BlackElo "1943"]
[PlyCount "60"]
[EventDate "2013.05.17"]
[EventType "swiss"]
[EventRounds "7"]
[EventCountry "NED"]
[SourceTitle "EXT 2014"]
[Source "ChessBase"]
[SourceDate "2013.11.20"]
[SourceVersion "1"]
[SourceVersionDate "2013.11.20"]
[SourceQuality "1"]

1. e4 g6 2. d4 Bg7 3. f4 d6 4. Nf3 a6 5. c3 Nd7 6. Bd3 c5 7. Be3 b5 8. 0-0 Bb7 9. Nbd2 Nh6 10. h3 0-0 11. g4 f6 12. Qe1 e6 13. Rf2 f5 14. Ng5 Qe7 15. Rg2 Rae8 16. Qg3 e5 17. gxf5 exd4 18. cxd4 cxd4 19. Bf2 Nc5 20. Bb1 gxf5 21. b4 fxe4 22. bxc5 e3 23. Kh2 Bxg2 24. Bxh7+ Kh8 25. Qxg2 exf2 26. Bg6 Qe3 27. Bxe8 Qxf4+ 28. Kh1 Rxe8 29. Ndf3 d3 30. Qxf2 Bxa1 0-1

[Event "NED-ch U15"]
[Site "Haarlem"]
[Date "2012.05.03"]
[Round "6"]
[White "Schaap, Ricky"]
[Black "Geene, Joris"]
[Result "1/2-1/2"]
[WhiteElo "1264"]
[BlackElo "1582"]
[PlyCount "128"]
[EventDate "2012.04.28"]
[EventType "swiss"]
[EventRounds "9"]
[EventCountry "NED"]
[SourceTitle "EXT 2013"]
[Source "ChessBase"]
[SourceDate "2012.11.22"]
[SourceVersion "1"]
[SourceVersionDate "2012.11.22"]
[SourceQuality "1"]

1. e4 e5 2. Nf3 Nc6 3. Bc4 Bc5 4. d3 Nf6 5. c3 0-0 6. 0-0 d6 7. b4 Bb6 8. a4 a6 9. Qb3 Qe7 10. Nbd2 h6 11. Ba3 Be6 12. Bxe6 Qxe6 13. Nh4 Ne7 14. Qxe6 fxe6 15. Nc4 Ba7 16. h3 Rf7 17. Bc1 Nh5 18. Be3 Nf4 19. Bxf4 exf4 20. b5 axb5 21. axb5 Rff8 22. Ra2 Bc5 23. Rfa1 Rxa2 24. Rxa2 d5 25. Nd2 d4 26. Nb3 Bb6 27. Nxd4 Rd8 28. Nhf3 Ng6 29. Rd2 e5 30. Nb3 Ra8 31. Rb2 Ra4 32. Nfd2 Nf8 33. Nc4 Nd7 34. Nxb6 cxb6 35. c4 Nc5 36. Nxc5 bxc5 37. b6 Rb4 38. Ra2 Rxb6 39. Ra8+ Kf7 40. Ra5 Rc6 41. Rb5 b6 42. Kh2 Rd6 43. Rb3 Kg6 44. f3 Kg5 45. Kg1 Kh4 46. Kf2 g5 47. Rc3 h5 48. Ra3 g4 49. fxg4 hxg4 50. hxg4 Kxg4 51. Rb3 Rf6 52. Rb1 f3 53. gxf3+ Rxf3+ 54. Ke2 Rf6 55. Rg1+ Kh5 56. Rh1+ Kg6 57. Rg1+ Kf7 58. Rf1 Rxf1 59. Kxf1 Kg6 60. Kg2 Kh6 61. Kh2 Kg6 62. Kg2 Kh5 63. Kh3 Kg5 64. Kg3 Kh5 1/2-1/2

[Event "NED-ch U15"]
[Site "Haarlem"]
[Date "2012.04.30"]
[Round "3"]
[White "Geene, Joris"]
[Black "Van den Bergh, Dennis"]
[Result "1/2-1/2"]
[WhiteElo "1582"]
[BlackElo "1434"]
[PlyCount "125"]
[EventDate "2012.04.28"]
[EventType "swiss"]
[EventRounds "9"]
[EventCountry "NED"]
[SourceTitle "EXT 2013"]
[Source "ChessBase"]
[SourceDate "2012.11.22"]
[SourceVersion "1"]
[SourceVersionDate "2012.11.22"]
[SourceQuality "1"]

1. e4 c5 2. Nf3 d6 3. d4 cxd4 4. c3 d3 5. Bxd3 Nf6 6. c4 e6 7. 0-0 Be7 8. Nc3 0-0 9. Qc2 h6 10. Be3 Nbd7 11. Rad1 a6 12. Rfe1 Qc7 13. Bf4 e5 14. Be3 Nb6 15. h3 Bd7 16. b3 Rac8 17. Nd5 Nbxd5 18. exd5 b5 19. Bd2 Nxd5 20. Qc1 Nb6 21. Bxh6 bxc4 22. bxc4 Ba4 23. Re4 f5 24. Bxg7 Kxg7 25. Ng5 Rf6 26. Rh4 Bxd1 27. Bxf5 Rh8 28. Nh7 Rxf5 29. Qh6+ Kf7 30. Ng5+ Rxg5 31. Qxh8 Rxg2+ 32. Kxg2 Qc6+ 33. Kg1 Bxh4 34. Qxh4 Qf3 35. Qh7+ Ke6 36. Qg8+ Qf7 37. Qd8 Qg6+ 38. Kf1 Qd3+ 39. Kg1 Qg6+ 40. Kf1 Nd7 41. Qa5 Qd3+ 42. Kg1 Qxh3 43. Qd5+ Kf5 44. Qxd6 Nf6 45. Qxa6 Qg4+ 46. Kf1 Be2+ 47. Ke1 Bxc4 48. Qc8+ Be6 49. Qa6 Qg1+ 50. Ke2 Bc4+ 51. Qxc4 Qg4+ 52. Qxg4+ Kxg4 53. a4 Nd5 54. a5 Nb4 55. Ke3 Kf5 56. Kf3 Na6 57. Ke3 Nc5 58. Kf3 Ke6 59. Kg4 Kd5 60. Kf5 Kd4 61. Kg4 Kd3 62. Kf5 Kd4 63. Kg4 1/2-1/2

[Event "Maastricht Limburg op-C 5th"]
[Site "Maastricht"]
[Date "2011.06.13"]
[Round "6"]
[White "Geene, Joris"]
[Black "Giesen, Janneke"]
[Result "1-0"]
[WhiteElo "1583"]
[BlackElo "1268"]
[PlyCount "92"]
[EventDate "2011.06.10"]
[EventType "swiss"]
[EventRounds "7"]
[EventCountry "NED"]
[SourceTitle "EXT 2012"]
[Source "ChessBase"]
[SourceDate "2011.11.24"]
[SourceVersion "1"]
[SourceVersionDate "2011.11.24"]
[SourceQuality "1"]

1. e4 e5 2. Nf3 Nc6 3. d4 exd4 4. Bc4 Nf6 5. e5 Ne4 6. 0-0 Bc5 7. Qd3 d5 8. Bb5 0-0 9. Bxc6 bxc6 10. Nxd4 Bd7 11. Nc3 Ng5 12. Be3 Bb6 13. Rfe1 Ne6 14. Nxe6 Bxe6 15. Bxb6 axb6 16. f4 Qd7 17. Rf1 Bf5 18. Qe2 d4 19. Ne4 Qd5 20. Ng3 d3 21. cxd3 Bxd3 22. Qg4 f5 23. Qg5 Bxf1 24. Rxf1 h6 25. Qg6 Qf7 26. Qxc6 Rfe8 27. a3 Rad8 28. Re1 Re6 29. Qc2 g6 30. Ne2 Qd7 31. Rc1 c5 32. Qb3 Qd5 33. Qxd5 Rxd5 34. Nc3 Rd4 35. g3 g5 36. Nb5 Rd2 37. b4 gxf4 38. Nd6 fxg3 39. Nxf5 gxh2+ 40. Kh1 h5 41. bxc5 Rxe5 42. c6 Rd8 43. c7 Rc8 44. Nd6 Rxc7 45. Rxc7 Rc5 46. Rxc5 bxc5 1-0

[Event "NED-ch U13"]
[Site "Rijswijk"]
[Date "2011.06.02"]
[Round "1"]
[White "Geene, Joris"]
[Black "Schoppen, Casper"]
[Result "0-1"]
[WhiteElo "1585"]
[BlackElo "1303"]
[PlyCount "102"]
[EventDate "2011.06.02"]
[EventType "swiss"]
[EventRounds "9"]
[EventCountry "NED"]
[SourceTitle "EXT 2012"]
[Source "ChessBase"]
[SourceDate "2011.11.24"]
[SourceVersion "1"]
[SourceVersionDate "2011.11.24"]
[SourceQuality "1"]

1. e4 c5 2. Nf3 Nc6 3. d4 cxd4 4. c3 dxc3 5. Nxc3 d6 6. Bc4 e6 7. 0-0 Be7 8. Qe2 Nf6 9. Rd1 Nd7 10. Bf4 e5 11. Bg3 Nf6 12. Bxe5 Nxe5 13. Nxe5 0-0 14. Rac1 Qb6 15. Nf3 Bg4 16. Qd3 Bxf3 17. Qxf3 a6 18. Nd5 Nxd5 19. Bxd5 Bf6 20. g3 Be5 21. Rc2 Bd4 22. Rdc1 Bc5 23. e5 Rab8 24. e6 fxe6 25. Bxe6+ Kh8 26. Qg2 Rf6 27. Bb3 Rbf8 28. Rf1 Qa7 29. Re2 b5 30. Bc2 Qd7 31. Qe4 g6 32. Bb3 Qa7 33. Qg2 a5 34. Bd5 b4 35. b3 Rf5 36. Bc4 Qg7 37. Kh1 Qc3 38. Be6 Rf3 39. Bd5 R3f6 40. Bc4 Qf3 41. Qxf3 Rxf3 42. Kg2 Bd4 43. Bd5 R3f5 44. Be4 Rc5 45. f3 Rfc8 46. Rfe1 Rc1 47. Rxc1 Rxc1 48. Bd5 Rc8 49. Bc4 a4 50. Be6 Ra8 51. Bd5 Ra7 0-1

[Event "NED-ch U13"]
[Site "Rijswijk"]
[Date "2011.06.02"]
[Round "2"]
[White "Schalij, Ties"]
[Black "Geene, Joris"]
[Result "0-1"]
[WhiteElo "1333"]
[BlackElo "1585"]
[PlyCount "90"]
[EventDate "2011.06.02"]
[EventType "swiss"]
[EventRounds "9"]
[EventCountry "NED"]
[SourceTitle "EXT 2012"]
[Source "ChessBase"]
[SourceDate "2011.11.24"]
[SourceVersion "1"]
[SourceVersionDate "2011.11.24"]
[SourceQuality "1"]

1. e4 e5 2. Nf3 Nc6 3. Bc4 Nf6 4. d4 exd4 5. Ng5 Ne5 6. Qxd4 Bd6 7. 0-0 0-0 8. Nc3 h6 9. Nf3 Nxf3+ 10. gxf3 Be7 11. Kh1 b6 12. Rg1 Kh8 13. e5 Ne8 14. Qe4 c6 15. Bd3 f5 16. Qe3 Bg5 17. f4 Be7 18. Bd2 Bb7 19. Qh3 c5+ 20. f3 Nc7 21. Qg3 Ne6 22. Rg2 Rf7 23. Rag1 Rc8 24. Qh3 d6 25. Bxf5 Rxf5 26. Qxf5 Nd4 27. Qh3 Bxf3 28. f5 Bxg2+ 29. Qxg2 Nxf5 30. Qg4 Qf8 31. Rf1 Ng3+ 32. hxg3 Qxf1+ 33. Kh2 Rf8 34. Be3 Bg5 35. Bg1 dxe5 36. Ne4 Qf5 37. Qxf5 Rxf5 38. Nd6 Rf8 39. Nb5 e4 40. Nc3 e3 41. Kg2 Rd8 42. Kf3 Rd2 43. Bxe3 Bxe3 44. Kxe3 Rxc2 45. Na4 b5 0-1